| 000 | 01093pam a2200301 a 4500 | ||
|---|---|---|---|
| 001 | 583071 | ||
| 003 | OSt | ||
| 005 | 20140310182007.0 | ||
| 008 | 900209s1990 nyu j 000 1 eng | ||
| 010 | _a 90055108 | ||
| 020 | _a0590450735 | ||
| 040 |
_aDLC _cDLC _dDLC |
||
| 042 | _alcac | ||
| 050 | 0 | 0 |
_aPZ 7 _b.W947 1990 |
| 082 | 0 | 0 |
_aKF _bW93g 1990 |
| 100 | 1 |
_aWright, Betty Ren. _95620 |
|
| 245 | 1 | 4 |
_aThe ghost of Ernie P. / _cBetty Ren Wright. |
| 250 | _a1st ed. | ||
| 260 |
_aNew York : _bHoliday House, _cc1990. |
||
| 300 |
_a130 p. ; _c22 cm. |
||
| 520 | _aAfter a freak accident kills Ernie and cuts short his Top Secret Plan, his friend Jeff is haunted by Ernie's ghost and pushed toward carrying out the plan. | ||
| 541 | _j1 | ||
| 562 | _eFor circulation. 1 copy available in the collection | ||
| 650 | 1 |
_aGhosts _xFiction. _95621 |
|
| 906 |
_a7 _bcbc _corignew _d1 _eocip _f19 _gy-gencatlg |
||
| 942 |
_2lcc _cBK-KF _kKF |
||
| 999 |
_c8074 _d8074 |
||